[Event "Remote email"]
[Site "Remote email"]
[Date "2014.07.03"]
[Round "?"]
[White "Vanvoren, Piet"]
[Black "Martin, Leandra"]
[Result "1-0"]
[WhiteElo "2076"]
[BlackElo "1480"]
[PlyCount "51"]
[EventDate "2014.??.??"]
[EventType "tourn (corr)"]
[EventRounds "6"]
[EventCountry "GER"]
[SourceTitle "Corr 2015"]
[Source "ChessBase"]
[SourceDate "2015.07.17"]
[SourceVersion "1"]
[SourceVersionDate "2015.07.17"]
[SourceQuality "1"]

1. Nf3 d5 2. b3 g6 3. Bb2 Nf6 4. e3 Bg4 5. Be2 Qd6 6. h3 Bh5 7. g4 Bxg4 8. hxg4 Bg7 9. Be5 Qb4 10. Bxc7 Qxg4 11. Rh4 Qg2 12. Bf1 Qg4 13. Rxg4 Nxg4 14. Nc3 Na6 15. Bxa6 bxa6 16. Nd4 Kd7 17. Qxg4+ Kxc7 18. Nxd5+ Kd6 19. c4 e6 20. Nc3 e5 21. Nf5+ gxf5 22. Qxg7 Rhg8 23. Qf6+ Kc5 24. Qxe5+ Kb6 25. Nd5+ Kc6 26. Qc7# 1-0

[Event "Remote email"]
[Site "Remote email"]
[Date "2013.10.23"]
[Round "?"]
[White "Campos Do Nascimento, Jose Eduardo"]
[Black "Vanvoren, Piet"]
[Result "0-1"]
[WhiteElo "2000"]
[BlackElo "2077"]
[PlyCount "100"]
[EventDate "2013.??.??"]
[EventType "tourn (corr)"]
[EventRounds "6"]
[EventCountry "GER"]
[SourceTitle "Corr 2015"]
[Source "ChessBase"]
[SourceDate "2015.07.17"]
[SourceVersion "1"]
[SourceVersionDate "2015.07.17"]
[SourceQuality "1"]

1. d4 c5 2. d5 b5 3. e4 a6 4. Nf3 Qc7 5. c4 b4 6. b3 d6 7. Bd3 e5 8. 0-0 Ne7 9. Bg5 h6 10. Be3 Nd7 11. Nh4 Nf6 12. g3 Bh3 13. Ng2 Nh7 14. f4 g6 15. Rf2 Bg7 16. Nd2 Bxg2 17. Kxg2 exf4 18. Rxf4 Bxa1 19. Qxa1 0-0-0 20. Rxf7 Ng5 21. Bxg5 hxg5 22. Nf3 Qd7 23. Nxg5 Rh5 24. Ne6 Rdh8 25. h4 Re5 26. Nxc5 Qe8 27. Rf3 g5 28. hxg5 Qh5 29. Kf2 Qxg5 30. Qe1 dxc5 31. Bf1 Rh1 32. Qe2 Qh6 33. Bg2 Rh2 34. Rf4 Ng6 35. Rf7 Re7 36. Rf6 Rxg2+ 37. Kxg2 Nh4+ 38. gxh4 Qxf6 39. Qg4+ Kc7 40. Qg3+ Qe5 41. Qxe5+ Rxe5 42. Kf3 Kd7 43. Kf4 Kd6 44. Kf3 Rh5 45. Kg4 Rh8 46. Kg5 Ke5 47. h5 Rg8+ 48. Kh4 Kxe4 49. h6 Kf5 50. Kh5 Rg2 0-1